The protestant ethic and the spirit of capitalism
The Protestant ethic — a moral code stressing hard work, rigorous self-discipline, and the organization of one's life in the service of God — was made famous by sociologist and political economist Max Weber. In this brilliant study (his best-known and most controversial), he opposes the Marxist...
Na minha lista:
| Autor principal: | |
|---|---|
| Formato: | Livro |
| Idioma: | Undetermined |
| Publicado em: |
London
Unwin University Books
1956
|
| Assuntos: | |
| Tags: |
Adicionar Tag
Sem tags, seja o primeiro a adicionar uma tag!
|
| Thư viện lưu trữ: | Trung tâm Học liệu Trường Đại học Cần Thơ |
|---|
| LEADER | 01342nam a2200205Ia 4500 | ||
|---|---|---|---|
| 001 | CTU_228969 | ||
| 008 | 210402s9999 xx 000 0 und d | ||
| 082 | |a 306.6 | ||
| 082 | |b W373 | ||
| 100 | |a Weber, Max | ||
| 245 | 4 | |a The protestant ethic and the spirit of capitalism | |
| 245 | 0 | |c Max Weber ; Translated by Talcott Parsons ; Foreword R. H. Tawney | |
| 260 | |a London | ||
| 260 | |b Unwin University Books | ||
| 260 | |c 1956 | ||
| 520 | |a The Protestant ethic — a moral code stressing hard work, rigorous self-discipline, and the organization of one's life in the service of God — was made famous by sociologist and political economist Max Weber. In this brilliant study (his best-known and most controversial), he opposes the Marxist concept of dialectical materialism and its view that change takes place through "the struggle of opposites." Instead, he relates the rise of a capitalist economy to the Puritan determination to work out anxiety over salvation or damnation by performing good deeds — an effort that ultimately discouraged belief in predestination and encouraged capitalism. | ||
| 650 | |a Chủ nghĩa Tư Bản,Capitalism | ||
| 650 | |x Khía cạnh tôn giáo,Nhà thờ Tin Lành,Religious aspects,Protestant churches | ||
| 910 | |b dqhieu | ||
| 980 | |a Trung tâm Học liệu Trường Đại học Cần Thơ | ||